Cities that End in A by Clue #2 - Statistics

General Stats
  • This quiz has been taken 492 times
  • The average score is 13 of 22
Answer Stats
Hint City % Correct
Capital city across the river from Brazzaville Kinshasa
81%
Third-highest capital in South America and the world Bogota
77%
Asian capital once part of the Spanish Empire Manila
76%
Italian city of porticoes famous for the oldest university in the world Bologna
75%
Third-largest Mexican city of technology, science and finance Guadalajara
75%
Populous coastal city of Florida on a bay Tampa
74%
The capital of the Indian state of West Bengal Kolkata
68%
The most populous city on the Bay of Bengal Dhaka
67%
Most populous Portuguese-speaking city outside of Brazil Luanda
65%
Of all Spanish cities, it is the last alphabetically Zaragoza
65%
Coastal African capital on the Gulf of Guinea Accra
64%
Crimean city of a famous 1945 conference Yalta
60%
Capital city once part of Northern Rhodesia Lusaka
55%
Europe's newest capital? Pristina
55%
African capital designed by Japanese architect Kenzo Tange Abuja
52%
Spanish city famous for the Alhambra Granada
51%
City between Tokyo and Osaka Nagoya
51%
Regularly ranked as East Africa's best city to live in Kampala
46%
Second-largest Indonesian city (after Jakarta) Surabaya
45%
The largest city in Cameroon Douala
40%
City near Phoenix which is largest in the US without a downtown Mesa
40%
Fourth-largest Mexican city of universities and industry Puebla
37%
No matching quizzes found
Score Distribution
Percent of People with Each Score
Percentile by Number Answered
Your Score History
You have not taken this quiz